[Event "Online Olym Div2 D 2021"]
[Site "chess.com INT"]
[Date "2021.09.02"]
[Round "1.4"]
[Board "3"]
[White "Varela La Madrid, Tilsia Carolina"]
[Black "Nassr, Lina"]
[Result "1/2-1/2"]
[WhiteTitle "WIM"]
[BlackTitle "WIM"]
[WhiteElo "2087"]
[BlackElo "1970"]
[WhiteTeam "Venezuela"]
[BlackTeam "Algeria"]
[WhiteFideId "3903001"]
[BlackFideId "7908075"]
[EventDate "2021.09.02"]
[EventType "team"]

1. e4 c5 2. Nf3 e6 3. c3 Nc6 4. d4 cxd4 5. cxd4 d5 6. e5 Nge7 7. Nc3 Nf5 8. g4
Nh4 9. Nxh4 Qxh4 10. Be3 f6 11. exf6 Qxf6 12. Bg2 Bd6 13. O-O O-O 14. f4 Bd7 15.
Kh1 Kh8 16. Qd2 Rac8 17. Rae1 Qh4 18. g5 Na5 19. Qf2 Qxf2 20. Rxf2 Nc4 21. Bc1
Bb4 22. Bh3 Bxc3 23. bxc3 Rfe8 24. Rfe2 Nd6 25. Bxe6 Bxe6 26. Rxe6 Ne4 27. Rxe8+
Rxe8 28. Kg2 Rc8 29. Bb2 Kg8 30. Ba1 Rc6 31. Rb1 b6 32. Rb5 Nxc3 33. Bxc3 Rxc3
34. Rxd5 Rc2+ 35. Kf3 Rxa2 36. Rd7 b5 37. Rb7 a6 38. h4 Rb2 39. d5 b4 40. f5 b3
41. d6 Rd2 42. Rxb3 Rxd6 43. Rb7 Rd4 44. g6 hxg6 45. fxg6 Kf8 46. h5 Rh4 47.
Rf7+ Kg8 48. Ra7 Kf8 49. Rxa6 Rxh5 50. Kg4 Rb5 51. Ra7 Rc5 52. Rf7+ Kg8 53. Rb7
Kf8 54. Rb8+ Ke7 55. Rb6 Rc4+ 56. Kf5 Rc5+ 57. Kf4 Rc4+ 58. Kf5 Rc5+ 59. Kf4
Rc4+ 60. Kf5 1/2-1/2

[Event "Online Olym Div2 D 2021"]
[Site "chess.com INT"]
[Date "2021.09.02"]
[Round "1.4"]
[Board "4"]
[White "Abdi, Zineb Dina"]
[Black "Patino Garcia, Corals"]
[Result "1/2-1/2"]
[WhiteTitle "WIM"]
[BlackTitle "WFM"]
[WhiteElo "1926"]
[BlackElo "1916"]
[WhiteTeam "Algeria"]
[BlackTeam "Venezuela"]
[WhiteFideId "7900880"]
[BlackFideId "3902781"]
[EventDate "2021.09.02"]
[EventType "team"]

1. e4 c5 2. Nf3 e6 3. d4 cxd4 4. Nxd4 Nc6 5. Nb5 d6 6. c4 a6 7. N5a3 Nf6 8. Nc3
Be7 9. Be2 Qc7 10. Be3 O-O 11. O-O b6 12. Qd2 Ne5 13. f3 Rb8 14. Rac1 Bb7 15.
Rfd1 Rfe8 16. Qe1 Ba8 17. Qf2 Bc6 18. g4 h6 19. h4 Qb7 20. Nc2 Nfd7 21. Nd4 Nc5
22. b4 Na4 23. Nxa4 Bxa4 24. Rd2 Nc6 25. Nxc6 Bxc6 26. b5 axb5 27. cxb5 Bd7 28.
Rdc2 Rec8 29. Bd4 e5 30. Be3 Rxc2 31. Rxc2 Be6 32. Bc4 Rc8 33. Bxe6 Rxc2 34.
Bxf7+ Kxf7 35. Qxc2 Bxh4 36. Qc4+ Kf8 37. g5 hxg5 38. Qc6 Qf7 39. Kg2 Qa7 40.
Qxd6+ Kg8 41. Qe6+ Kh8 42. Bxb6 Qa3 43. Qb3 Qf8 44. Be3 g4 45. fxg4 Qa8 46. Qd5
Qa3 47. b6 Qxe3 48. b7 Qf2+ 49. Kh1 Qf1+ 50. Kh2 Qf2+ 51. Kh1 Qf3+ 52. Kg1 Qf2+
53. Kh1 1/2-1/2

[Event "Online Olym Div2 D 2021"]
[Site "chess.com INT"]
[Date "2021.09.02"]
[Round "1.4"]
[Board "5"]
[White "Escalona Landi, Samid Eduardo"]
[Black "Djabri, Massinas"]
[Result "1-0"]
[WhiteTitle "CM"]
[BlackTitle "FM"]
[WhiteElo "2122"]
[BlackElo "2161"]
[WhiteTeam "Venezuela"]
[BlackTeam "Algeria"]
[WhiteFideId "3937437"]
[BlackFideId "7905726"]
[EventDate "2021.09.02"]
[EventType "team"]

1. e4 c5 2. Nf3 d6 3. g3 Nf6 4. d3 g6 5. Bg2 Bg7 6. O-O O-O 7. e5 dxe5 8. Nxe5
Nfd7 9. Nc4 Nb6 10. Nbd2 Nc6 11. Re1 Nd4 12. c3 Nc6 13. Qe2 Be6 14. a4 Bd5 15.
Ne4 Rc8 16. Ne3 Bxe4 17. dxe4 e6 18. a5 Nd7 19. a6 bxa6 20. Rxa6 Nb6 21. f4 Qc7
22. e5 Rfd8 23. Nc4 Nxc4 24. Qxc4 Ne7 25. Qa4 Rd7 26. Be3 Nf5 27. Bf2 Rd2 28.
Rc6 Qd8 29. Rxc8 Qxc8 30. Qxa7 Rxb2 31. g4 Nh6 32. h3 Bf8 33. Rd1 Qb8 34. Bxc5
Qxa7 35. Bxa7 Rc2 36. Bd4 Kg7 37. Be4 Re2 38. Bd3 Ra2 39. c4 Ra4 40. Bf2 Ng8 41.
Rc1 Ne7 42. Be4 Nc8 43. Bc6 Ra2 44. c5 Na7 45. Bd7 h5 46. c6 Nb5 47. c7 Nxc7 48.
Rxc7 hxg4 49. Bxe6 Ra1+ 50. Kh2 Kh6 51. Rxf7 Bb4 52. hxg4 1-0

[Event "Online Olym Div2 D 2021"]
[Site "chess.com INT"]
[Date "2021.09.02"]
[Round "1.4"]
[Board "6"]
[White "Boubendir, Nesrine"]
[Black "Matute Escobar, Roxanny"]
[Result "0-1"]
[BlackTitle "WFM"]
[WhiteElo "1620"]
[BlackElo "1899"]
[WhiteTeam "Algeria"]
[BlackTeam "Venezuela"]
[WhiteFideId "7904991"]
[BlackFideId "3926028"]
[EventDate "2021.09.02"]
[EventType "team"]

1. e4 c5 2. Nf3 d6 3. d4 cxd4 4. Nxd4 Nf6 5. Nc3 g6 6. Be2 Bg7 7. Be3 O-O 8. O-O
Nc6 9. Nb3 Bd7 10. Qd2 Rc8 11. Bh6 a6 12. Rfe1 b5 13. a3 Ne5 14. Bxg7 Kxg7 15.
Qf4 Qb6 16. Rab1 a5 17. h4 b4 18. axb4 axb4 19. Nd5 Nxd5 20. exd5 Rxc2 21. Qe4
Bf5 22. Qd4 Qxd4 23. Nxd4 Rd2 24. Nxf5+ gxf5 25. f4 Ng6 26. g3 Rc8 27. Bf3 Rd3
28. Rf1 Rc2 29. Rf2 b3 0-1

[Event "Online Olym Div2 D 2021"]
[Site "chess.com INT"]
[Date "2021.09.02"]
[Round "1.5"]
[Board "1"]
[White "Ibarra Chami, Luis Fernando"]
[Black "Flores, Diego"]
[Result "1-0"]
[WhiteTitle "GM"]
[BlackTitle "GM"]
[WhiteElo "2451"]
[BlackElo "2599"]
[WhiteTeam "Mexico"]
[BlackTeam "Argentina"]
[WhiteFideId "5105048"]
[BlackFideId "108049"]
[EventDate "2021.09.02"]
[EventType "team"]

1. e4 c5 2. Nf3 e6 3. d4 cxd4 4. Nxd4 a6 5. c4 Nf6 6. Nc3 Qc7 7. Qd3 b6 8. Qg3
d6 9. Be2 Bb7 10. f3 h5 11. Be3 Nbd7 12. O-O h4 13. Qf2 Be7 14. Rac1 Rc8 15. b4
Qb8 16. Nb3 Bd8 17. Nd2 h3 18. g4 g5 19. Bxg5 Nxg4 20. fxg4 Bxg5 21. Qxf7+ Kd8
22. Qg7 Be3+ 23. Kh1 Re8 24. Rf7 Rc7 25. Rd1 Ne5 26. Qf6+ Kc8 27. Rf8 Kd7 28.
Rxe8 Qxe8 29. Nf1 Nxc4 30. Bxc4 Rxc4 31. Nxe3 Rxc3 32. Qxc3 Qg6 33. Qd4 e5 34.
Qxe5 Bxe4+ 35. Kg1 Bf3 36. Qf5+ 1-0

[Event "Online Olym Div2 D 2021"]
[Site "chess.com INT"]
[Date "2021.09.02"]
[Round "1.5"]
[Board "2"]
[White "Perez Ponsa, Federico"]
[Black "Diaz Rosas, Julio Cesar"]
[Result "1-0"]
[WhiteTitle "GM"]
[BlackTitle "FM"]
[WhiteElo "2554"]
[BlackElo "2393"]
[WhiteTeam "Argentina"]
[BlackTeam "Mexico"]
[WhiteFideId "117927"]
[BlackFideId "5105099"]
[EventDate "2021.09.02"]
[EventType "team"]

1. e4 c5 2. Nf3 d6 3. Bb5+ Nd7 4. c3 a6 5. Bd3 Ngf6 6. O-O e6 7. Bc2 c4 8. b3 b5
9. bxc4 bxc4 10. Na3 Qc7 11. Qe2 Nb6 12. Rb1 Be7 13. Re1 e5 14. d4 cxd3 15. Bxd3
O-O 16. Be3 Na4 17. Qc2 Nc5 18. Bg5 h6 19. Bxf6 Bxf6 20. Nc4 Be6 21. Ne3 Nxd3
22. Qxd3 Rfc8 23. Rbc1 Be7 24. c4 Qa5 25. Re2 Rab8 26. Rec2 Qc5 27. g3 Rb7 28.
Kg2 Bf8 29. Nd5 Rcb8 30. Nd2 a5 31. Nb3 Qa7 32. Qd2 Ra8 33. Qc3 a4 34. Nd2 Rc8
35. Qd3 Rcb8 36. a3 Qa5 37. Nb4 Rc8 38. Nf1 Rd7 39. Ne3 Qa8 40. Nbd5 Rb7 41. Nb4
f5 42. Kg1 f4 43. Ned5 Rf7 44. Nb6 Qb7 45. Nxc8 Qxc8 46. Nd5 Bh3 47. Rb1 Qd8 48.
gxf4 Qh4 49. Qg3 Qh5 50. f5 Bg4 51. Rc3 Bd1 52. f3 Bb3 53. Qg4 g6 54. Qxh5 gxh5
55. Kf2 Be7 56. Nxe7+ Rxe7 57. c5 Rc7 58. Rbc1 d5 59. exd5 Bxd5 60. Re1 Kf7 61.
Rxe5 Bb3 62. c6 Kf6 63. f4 h4 64. Rb5 h5 65. Rb7 Rc8 66. c7 Kxf5 67. Rb8 1-0

[Event "Online Olym Div2 D 2021"]
[Site "chess.com INT"]
[Date "2021.09.02"]
[Round "1.5"]
[Board "3"]
[White "Corrales Jimenez, Zenia"]
[Black "Lujan, Carolina"]
[Result "0-1"]
[WhiteTitle "WIM"]
[BlackTitle "IM"]
[WhiteElo "2198"]
[BlackElo "2340"]
[WhiteTeam "Mexico"]
[BlackTeam "Argentina"]
[WhiteFideId "3506355"]
[BlackFideId "109878"]
[EventDate "2021.09.02"]
[EventType "team"]

1. e4 c5 2. Nf3 Nc6 3. d4 cxd4 4. Nxd4 Nf6 5. Nc3 e5 6. Ndb5 d6 7. Bg5 a6 8. Na3
b5 9. Nd5 Be7 10. Bxf6 Bxf6 11. c4 b4 12. Nc2 O-O 13. Be2 a5 14. O-O Bg5 15. b3
Be6 16. Nde3 g6 17. Bf3 Rb8 18. Qd3 Qd7 19. Rad1 Rbd8 20. Qe2 Qa7 21. Rd3 Rd7
22. Rfd1 Rfd8 23. Nd5 Ne7 24. Nxe7+ Bxe7 25. Ne3 Bg5 26. Nd5 Kg7 27. g3 h5 28.
h4 Bh6 29. Ne3 Bxe3 30. Rxe3 a4 31. Red3 axb3 32. axb3 Qa6 33. Qd2 Qa5 34. Qe3
Qa6 35. Kg2 Qa5 36. Qg5 f6 37. Qd2 Qb6 38. Ra1 Rb8 39. Qe3 Qxe3 40. Rxe3 Kf7 41.
Rd3 Ke7 42. Ra6 Rbb7 43. Rd1 Rd8 44. c5 Bxb3 45. cxd6+ Ke6 46. Rd2 Bc4 47. Ra4
Rxd6 48. Rb2 Rdb6 49. g4 hxg4 50. Bxg4+ Kd6 51. h5 gxh5 52. Bxh5 Kc5 53. Kf3 b3
54. Bg4 Kd4 55. Rb1 b2 56. Bh3 Kc5 57. Bc8 Rb8 58. Bd7 Bd3 59. Ra5+ Kd4 60. Rd5+
Kc3 61. Rc5+ Kb4 62. Rxb2+ Kxc5 63. Rd2 Rb3 64. Kg4 Kd4 65. Bf5 Kc3 66. Rd1 Be2+
67. Kh4 Bxd1 68. f4 exf4 69. e5 fxe5 70. Be4 f3 71. Bxf3 Bxf3 0-1

[Event "Online Olym Div2 D 2021"]
[Site "chess.com INT"]
[Date "2021.09.02"]
[Round "1.5"]
[Board "4"]
[White "Fernandez, Maria Florencia"]
[Black "Guerrero Rodriguez, Alejandra"]
[Result "0-1"]
[WhiteTitle "WIM"]
[BlackTitle "WIM"]
[WhiteElo "2229"]
[BlackElo "2019"]
[WhiteTeam "Argentina"]
[BlackTeam "Mexico"]
[WhiteFideId "116459"]
[BlackFideId "5104297"]
[EventDate "2021.09.02"]
[EventType "team"]

1. d4 c5 2. d5 d6 3. c4 g6 4. Nc3 Bg7 5. e4 Nf6 6. Be2 O-O 7. Nf3 e6 8. O-O Re8
9. Nd2 Na6 10. f4 exd5 11. cxd5 Nc7 12. a4 a6 13. Bf3 Rb8 14. a5 b5 15. axb6
Rxb6 16. e5 dxe5 17. Nc4 Rb4 18. Nxe5 Rd4 19. Qb3 Bd7 20. Be3 Rb4 21. Qa2 Qb8
22. Rab1 Bf5 23. Bxc5 Bxb1 24. Rxb1 Rxf4 25. Nc6 Qa8 26. Bd6 Rxf3 27. gxf3 Ncxd5
28. Nxd5 Qxc6 29. Ne7+ Rxe7 30. Bxe7 Qxf3 31. Qa3 Qe4 32. Rf1 Nd5 33. Bh4 Bd4+
34. Bf2 Nf4 35. Qg3 Ne2# 0-1

[Event "Online Olym Div2 D 2021"]
[Site "chess.com INT"]
[Date "2021.09.02"]
[Round "1.5"]
[Board "5"]
[White "Garcia de Dios, Jose Antonio"]
[Black "Kapitanchuk, Tomas"]
[Result "1/2-1/2"]
[WhiteTitle "CM"]
[BlackTitle "FM"]
[WhiteElo "2189"]
[BlackElo "2346"]
[WhiteTeam "Mexico"]
[BlackTeam "Argentina"]
[WhiteFideId "5128919"]
[BlackFideId "135046"]
[EventDate "2021.09.02"]
[EventType "team"]

1. d4 Nf6 2. c4 e6 3. Nf3 Bb4+ 4. Bd2 c5 5. Bxb4 cxb4 6. Nbd2 O-O 7. e4 d6 8.
Bd3 e5 9. O-O Nc6 10. d5 Nb8 11. a3 Na6 12. Ne1 Nd7 13. Be2 Ndc5 14. Nc2 Qb6 15.
a4 f5 16. exf5 Bxf5 17. Ne3 Bg6 18. a5 Qd8 19. Bh5 Qg5 20. Bxg6 Qxg6 21. Nb3 Rf4
22. Nxc5 Nxc5 23. Qd2 Raf8 24. Qxb4 Rxf2 25. Rxf2 Rxf2 26. Rf1 Re2 27. Qc3 Qe4
28. Rf3 Nd3 29. Nf1 Nf4 30. Ng3 Rxg2+ 31. Kh1 Qb1+ 32. Rf1 Qxb2 33. Qxb2 Rxb2
34. Ne4 b6 35. axb6 Rxb6 36. Ra1 a6 37. Kg1 Kf8 38. c5 dxc5 39. Nxc5 Ke7 40.
Nxa6 Nxd5 41. Nc5 Rc6 42. Ne4 Rc7 43. Ra5 Rc4 44. Ra7+ Rc7 45. Ra5 Rd7 46. Nc5
Rd6 47. Nb7 Rg6+ 48. Kf2 Nf4 49. Rxe5+ Kf6 50. Re8 Kg5 51. Nc5 Rc6 52. Ne4+ Kh6
53. Kf3 Ng6 54. Ng3 Rf6+ 55. Kg4 Rf4+ 56. Kh3 Kg5 57. Ne4+ Kh6 58. Ng3 Rf3 59.
Ra8 Ne5 60. Ra5 Re3 61. Kg2 g6 62. Ra6 Kg5 63. Ra5 h5 64. Kf2 Rf3+ 65. Ke2 Kf4
66. Ra4+ Kg5 67. Re4 Rf5 68. Nxf5 Kxf5 69. Ra4 g5 70. Kf2 Ng6 71. Ra5+ Ne5 1/2-1/2

[Event "Online Olym Div2 D 2021"]
[Site "chess.com INT"]
[Date "2021.09.02"]
[Round "1.5"]
[Board "6"]
[White "Francisco Guecamburu, Candela Be"]
[Black "Flores Rodriguez, Astrid Aphril"]
[Result "1-0"]
[WhiteTitle "WFM"]
[WhiteElo "2034"]
[BlackElo "1662"]
[WhiteTeam "Argentina"]
[BlackTeam "Mexico"]
[WhiteFideId "160911"]
[BlackFideId "5134803"]
[EventDate "2021.09.02"]
[EventType "team"]

1. e4 c5 2. Nf3 e6 3. d4 cxd4 4. Nxd4 a6 5. Bd3 Nf6 6. c4 Qc7 7. Nc3 Be7 8. Qe2
d6 9. O-O Nbd7 10. f4 b6 11. Kh1 Bb7 12. Bd2 O-O 13. Rae1 Rfd8 14. Rf3 Nc5 15.
Bb1 d5 16. cxd5 exd5 17. e5 Nfe4 18. Rh3 g6 19. Nxe4 Nxe4 20. e6 Bf6 21. exf7+
Qxf7 22. Be3 Re8 23. Qd1 Rac8 24. f5 Rf8 25. fxg6 hxg6 26. Rf3 Qe7 27. Ref1 Bg7
28. h3 Rxf3 29. Rxf3 Rf8 30. Bxe4 Qxe4 31. Rxf8+ Bxf8 32. Qf3 Bc5 33. Qxe4 dxe4
34. Nc2 Bxe3 35. Nxe3 Kf7 36. g4 Ke6 37. Kg2 b5 38. Kg3 Ke5 39. h4 Kd4 40. Kf4
Bc6 41. Nc2+ Kc5 42. h5 gxh5 43. gxh5 Be8 44. h6 Bg6 45. Kg5 Bh7 46. Kf6 a5 47.
Kg7 Bf5 48. Ne3 Bh7 49. Kxh7 Kd4 50. Ng4 e3 51. Nxe3 Kxe3 52. Kg7 Kd2 53. h7 Kc2
54. h8=Q Kxb2 55. Qh2+ Ka3 56. Qe5 Ka4 57. Qb2 b4 58. Qb3+ Kb5 59. a3 Kc5 60.
axb4+ axb4 61. Kf6 1-0

[Event "Online Olym Div2 D 2021"]
[Site "chess.com INT"]
[Date "2021.09.02"]
[Round "2.1"]
[Board "1"]
[White "Tissir, Mohamed"]
[Black "Peralta, Fernando"]
[Result "0-1"]
[WhiteTitle "IM"]
[BlackTitle "GM"]
[WhiteElo "2375"]
[BlackElo "2570"]
[WhiteTeam "Morocco"]
[BlackTeam "Argentina"]
[WhiteFideId "9000240"]
[BlackFideId "105309"]
[EventDate "2021.09.02"]
[EventType "team"]

1. e4 c6 2. d4 d5 3. Nc3 dxe4 4. Nxe4 Bf5 5. Ng3 Bg6 6. h4 h6 7. Nf3 Nd7 8. h5
Bh7 9. Bd3 Bxd3 10. Qxd3 e6 11. Bd2 Ngf6 12. O-O-O Be7 13. Kb1 Qb6 14. c4 O-O
15. Bc3 Rad8 16. Ka1 Rfe8 17. Qe2 c5 18. d5 exd5 19. cxd5 Bd6 20. Qc2 Bxg3 21.
fxg3 Ne4 22. g4 Nxc3 23. Qxc3 Nf6 24. Qc4 Re4 25. Qc2 Rxg4 26. Rhe1 Qd6 27. Ne5
Rd4 28. Rxd4 cxd4 29. Nxf7 Kxf7 30. Qg6+ Kf8 31. Re6 Qxd5 32. Rxf6+ gxf6 33.
Qxf6+ Ke8 34. Qg6+ Qf7 0-1

[Event "Online Olym Div2 D 2021"]
[Site "chess.com INT"]
[Date "2021.09.02"]
[Round "2.1"]
[Board "2"]
[White "Felgaer, Ruben"]
[Black "Karim, Ismael"]
[Result "1-0"]
[WhiteTitle "GM"]
[BlackTitle "IM"]
[WhiteElo "2572"]
[BlackElo "2351"]
[WhiteTeam "Argentina"]
[BlackTeam "Morocco"]
[WhiteFideId "107069"]
[BlackFideId "625736"]
[EventDate "2021.09.02"]
[EventType "team"]

1. e4 c5 2. Nf3 d6 3. d4 cxd4 4. Nxd4 Nf6 5. Nc3 Nc6 6. g3 Nxd4 7. Qxd4 g6 8. e5
dxe5 9. Qxe5 Bg7 10. Bg2 O-O 11. O-O Bf5 12. Qe2 Qb6 13. a4 Rac8 14. a5 Qa6 15.
Qxe7 Nd7 16. Qb4 b6 17. Be3 bxa5 18. Rxa5 Qc4 19. Qxc4 Rxc4 20. Nd5 Bxc2 21.
Rxa7 Nf6 22. b4 Ng4 23. Bc5 Re8 24. h3 Ne5 25. Ne3 Rc3 26. Rc1 Rxc5 27. bxc5 Bf5
28. Nxf5 gxf5 29. c6 Nd3 30. Rd1 1-0

[Event "Online Olym Div2 D 2021"]
[Site "chess.com INT"]
[Date "2021.09.02"]
[Round "2.1"]
[Board "4"]
[White "Borda Rodas, Anapaola S."]
[Black "Lakehal, Safae"]
[Result "1-0"]
[WhiteTitle "WFM"]
[WhiteElo "2162"]
[BlackElo "1794"]
[WhiteTeam "Argentina"]
[BlackTeam "Morocco"]
[WhiteFideId "152781"]
[BlackFideId "9002570"]
[EventDate "2021.09.02"]
[EventType "team"]

1. e4 c5 2. Nf3 d6 3. d4 cxd4 4. Nxd4 Nf6 5. Nc3 a6 6. Be2 b5 7. O-O e6 8. f4
Be7 9. e5 dxe5 10. fxe5 Nfd7 11. Bf3 Ra7 12. Be3 Bc5 13. Ne4 Bb6 14. Nd6+ Kf8
15. Nxf7 Qe7 16. Nxh8 Kg8 17. Nf7 Qxf7 18. Bh5 Qe7 19. Rf7 Qh4 20. Rf4 Qe7 21.
Bf7+ Kh8 22. Qh5 Nf8 23. Raf1 Bb7 24. Bg8 Nbd7 25. Rxf8 Nxf8 26. Rxf8 g6 27.
Bxh7+ Qxf8 28. Bxg6+ 1-0

[Event "Online Olym Div2 D 2021"]
[Site "chess.com INT"]
[Date "2021.09.02"]
[Round "2.1"]
[Board "6"]
[White "Francisco Guecamburu, Candela Be"]
[Black "Makhlouf, Ahlam"]
[Result "1-0"]
[WhiteTitle "WFM"]
[BlackTitle "WFM"]
[WhiteElo "2034"]
[BlackElo "1419"]
[WhiteTeam "Argentina"]
[BlackTeam "Morocco"]
[WhiteFideId "160911"]
[BlackFideId "9003380"]
[EventDate "2021.09.02"]
[EventType "team"]

1. e4 c5 2. Nf3 d6 3. Bb5+ Bd7 4. Bxd7+ Qxd7 5. c4 Nc6 6. d4 cxd4 7. Nxd4 g6 8.
b3 Bg7 9. Bb2 Nf6 10. Nc3 O-O 11. O-O Qg4 12. f3 Qg5 13. Nxc6 bxc6 14. Qc1 Qxc1
15. Raxc1 d5 16. cxd5 cxd5 17. e5 Nd7 18. Nxd5 Nxe5 19. Nxe7+ Kh8 20. Rc2 Rfd8
21. f4 Ng4 22. Bxg7+ Kxg7 23. Re2 Rd7 24. h3 Nh6 25. f5 f6 26. fxg6 hxg6 27. Rf3
Rc8 28. Nxc8 Nf5 29. Rxf5 gxf5 30. Re7+ 1-0

[Event "Online Olym Div2 D 2021"]
[Site "chess.com INT"]
[Date "2021.09.02"]
[Round "2.2"]
[Board "1"]
[White "Ouaret, Abdelouhab"]
[Black "Ibarra Chami, Luis Fernando"]
[Result "0-1"]
[WhiteTitle "IM"]
[BlackTitle "GM"]
[WhiteElo "2085"]
[BlackElo "2451"]
[WhiteTeam "Algeria"]
[BlackTeam "Mexico"]
[WhiteFideId "7903944"]
[BlackFideId "5105048"]
[EventDate "2021.09.02"]
[EventType "team"]

1. Nf3 d5 2. c4 e6 3. g3 Nf6 4. Bg2 dxc4 5. Qa4+ c6 6. Qxc4 b5 7. Qc2 Bb7 8. O-O
Nbd7 9. d3 Be7 10. b3 c5 11. Nbd2 O-O 12. Bb2 Qb6 13. Rac1 Rac8 14. Qb1 Rfd8 15.
Rfd1 Ne8 16. Nf1 Nd6 17. Ne3 Bf6 18. h4 h6 19. Ng4 Bxb2 20. Qxb2 Nf5 21. Nfe5
Bxg2 22. Kxg2 Nd4 23. Qd2 Qb7+ 24. f3 Nf8 25. Nf2 h5 26. e3 Nf5 27. e4 Nd4 28.
f4 Nd7 29. Nf3 Nxf3 30. Kxf3 Nf6 31. Qe3 Rd4 32. Rxc5 Rxc5 33. Qxd4 Rc2 34. Qe3
Qa6 35. Rd2 Qxa2 36. Rxc2 Qxc2 37. d4 a5 38. d5 exd5 39. e5 Ne4 40. Nxe4 dxe4+
41. Qxe4 Qxb3+ 42. Kg2 a4 43. Qc6 a3 44. e6 Qxe6 45. Qxb5 a2 46. Qa5 g6 47. f5
Qe4+ 48. Kh2 Qc2+ 49. Kg1 Qb1+ 50. Kg2 a1=Q 51. Qd8+ Kg7 52. f6+ Qxf6 0-1

[Event "Online Olym Div2 D 2021"]
[Site "chess.com INT"]
[Date "2021.09.02"]
[Round "2.2"]
[Board "2"]
[White "Garcia Guerrero, Isaac Antonio"]
[Black "Achour, Mohamed Anis"]
[Result "1-0"]
[WhiteTitle "FM"]
[WhiteElo "2368"]
[BlackElo "2006"]
[WhiteTeam "Mexico"]
[BlackTeam "Algeria"]
[WhiteFideId "5110475"]
[BlackFideId "7904649"]
[EventDate "2021.09.02"]
[EventType "team"]

1. c4 e6 2. Nf3 d5 3. b3 Nf6 4. e3 Be7 5. Bb2 O-O 6. Nc3 b6 7. g3 Bb7 8. Bg2 c5
9. O-O Nbd7 10. Qe2 Rc8 11. d3 Qc7 12. Rfd1 Rfd8 13. Rac1 Qb8 14. cxd5 Nxd5 15.
Nxd5 Bxd5 16. e4 Bb7 17. d4 cxd4 18. Nxd4 Nc5 19. Ba1 Bf6 20. b4 Na4 21. Qe3 Qd6
22. e5 Rxc1 23. Rxc1 Bxe5 24. Bxb7 Bxd4 25. Qxd4 Qxd4 26. Bxd4 h6 27. Be3 Kf8
28. Ba6 Nb2 29. Rc7 Rd1+ 30. Kg2 Ra1 31. Rxa7 Rxa2 32. Bxb6 Nd1 33. Bc5+ Kg8 34.
Ra8+ 1-0

[Event "Online Olym Div2 D 2021"]
[Site "chess.com INT"]
[Date "2021.09.02"]
[Round "2.2"]
[Board "3"]
[White "Nassr, Lina"]
[Black "Corrales Jimenez, Zenia"]
[Result "0-1"]
[WhiteTitle "WIM"]
[BlackTitle "WIM"]
[WhiteElo "1970"]
[BlackElo "2198"]
[WhiteTeam "Algeria"]
[BlackTeam "Mexico"]
[WhiteFideId "7908075"]
[BlackFideId "3506355"]
[EventDate "2021.09.02"]
[EventType "team"]

1. d4 d5 2. Nf3 Nf6 3. e3 g6 4. c4 Bg7 5. cxd5 Nxd5 6. e4 Nb6 7. Nc3 O-O 8. Be2
Bg4 9. Be3 Nc6 10. d5 Na5 11. Bd4 Bxf3 12. Bxf3 e5 13. Bc5 Re8 14. O-O Nac4 15.
Qe2 Nd6 16. Rac1 Kh8 17. Bxd6 cxd6 18. Nb5 Re7 19. Bg4 a6 20. Na3 Nd7 21. Bxd7
Rxd7 22. Nc4 b5 23. Ne3 Bh6 24. Rc6 Bxe3 25. Qxe3 Kg7 26. Rfc1 h5 27. Qb6 Qg5
28. g3 h4 29. Qe3 Qf6 30. h3 hxg3 31. fxg3 Qd8 32. Kg2 Qe7 33. R1c2 a5 34. Qc1
Rh8 35. Ra6 Qd8 36. Rcc6 b4 37. Rc4 Rb7 38. Rac6 Qd7 39. g4 Qe7 40. Qe3 Rhb8 41.
Rc1 b3 42. a3 Rh8 43. R1c3 Ra8 44. Rxb3 Rxb3 45. Qxb3 Qg5 46. Qc3 Qf4 47. Qe1
Rb8 48. b4 axb4 49. axb4 Ra8 50. Rc2 Ra3 51. Qf2 Qxe4+ 52. Kh2 Qxb4 53. Rc7 Qf4+
54. Qxf4 exf4 55. Rc6 Ra2+ 56. Kg1 Kf6 57. Rxd6+ Ke5 58. Rd7 f6 59. h4 f3 60. h5
gxh5 61. gxh5 Kf4 62. Rb7 Ra1+ 63. Kf2 Rh1 64. d6 Rh2+ 65. Kf1 Rxh5 66. d7 Rd5
67. Kf2 Rd2+ 68. Kf1 Kg3 69. d8=Q Rxd8 70. Rg7+ Kf4 71. Kf2 Rd2+ 72. Kf1 Ra2 73.
Rb7 Ra8 74. Kf2 Ra2+ 75. Kf1 Rh2 76. Rf7 f5 77. Rb7 Rh6 78. Kf2 Kg4 79. Rg7+ Kf4
80. Rb7 Re6 81. Rc7 Kg4 82. Rg7+ Kf4 83. Ra7 Re5 84. Rb7 Re2+ 85. Kf1 Kg5 86.
Rb3 Kg4 87. Rb7 Re6 88. Rg7+ Kf4 89. Kf2 Ra6 90. Rb7 Ra2+ 91. Kf1 Rc2 92. Ra7
Kg5 93. Ra3 Kg4 94. Ra7 f2 95. Ra3 f4 96. Rb3 Ra2 97. Rc3 Ra8 98. Kxf2 Rh8 99.
Kg2 Rd8 100. Rc7 Rd2+ 101. Kf1 Kg3 102. Rg7+ Kf3 103. Ke1 Ra2 104. Rb7 Ra1+ 105.
Kd2 Kf2 106. Rf7 f3 107. Rg7 Ra8 108. Rf7 Rd8+ 109. Kc2 Ke2 110. Re7+ Kf1 111.
Rf7 f2 112. Rf6 Rd5 113. Rf7 Kg2 114. Rg7+ Kf3 115. Rf7+ Kg3 116. Rg7+ Kf4 117.
Rf7+ Rf5 0-1

[Event "Online Olym Div2 D 2021"]
[Site "chess.com INT"]
[Date "2021.09.02"]
[Round "2.2"]
[Board "4"]
[White "Carreras Mendiolea, Paulina Adri"]
[Black "Abdi, Zineb Dina"]
[Result "0-1"]
[WhiteTitle "WFM"]
[BlackTitle "WIM"]
[WhiteElo "1788"]
[BlackElo "1926"]
[WhiteTeam "Mexico"]
[BlackTeam "Algeria"]
[WhiteFideId "5105420"]
[BlackFideId "7900880"]
[EventDate "2021.09.02"]
[EventType "team"]

1. e4 e5 2. Nf3 Nc6 3. Bc4 Bc5 4. O-O Qe7 5. d3 Nf6 6. h3 d6 7. Bg5 h6 8. Bh4 g5
9. Bg3 Be6 10. Bb3 Nh5 11. Nxe5 Nxg3 12. Nxc6 bxc6 13. d4 Bxd4 14. Kh2 Nxf1+ 0-1

[Event "Online Olym Div2 D 2021"]
[Site "chess.com INT"]
[Date "2021.09.02"]
[Round "2.2"]
[Board "5"]
[White "Djabri, Massinas"]
[Black "Garcia de Dios, Jose Antonio"]
[Result "1-0"]
[WhiteTitle "FM"]
[BlackTitle "CM"]
[WhiteElo "2161"]
[BlackElo "2189"]
[WhiteTeam "Algeria"]
[BlackTeam "Mexico"]
[WhiteFideId "7905726"]
[BlackFideId "5128919"]
[EventDate "2021.09.02"]
[EventType "team"]

1. d4 Nf6 2. c4 e6 3. Nf3 b6 4. g3 Ba6 5. Qa4 Bb7 6. Bg2 c5 7. dxc5 Bxc5 8. b4
Be7 9. O-O O-O 10. Nc3 Qc7 11. Nb5 Qd8 12. Bf4 a6 13. Nd6 Bc6 14. Qd1 Ne4 15.
Qd3 Nxd6 16. Bxd6 b5 17. c5 a5 18. a3 Na6 19. Rab1 Nc7 20. Ne5 Bxg2 21. Kxg2
axb4 22. axb4 Nd5 23. Bxe7 Qxe7 24. e4 Nf6 25. f3 Ra2+ 26. Kg1 Rfa8 27. Qxb5 h5
28. h4 Rc2 29. Ra1 Rxa1 30. Rxa1 Kh7 31. Qd3 Rb2 32. Rb1 Ra2 33. Nc4 g6 34. Nd6
Qd8 35. Nxf7 Qb8 36. Qd6 Qe8 37. Ng5+ Kh6 38. b5 Ng8 39. b6 Qa8 40. b7 Qa3 41.
Qf8# 1-0